000 00518nam a2200181Ia 4500
999 _c12484
_d12484
003 OSt
005 20201027100624.0
008 190216s9999||||xx |||||||||||||| ||und||
020 _a435176706
040 _coclc
082 _a823.912
_bORW/N
100 _aOrwell, George
_95663
245 0 _aNineteen Eighty Four /
_cGeorge Orwell
260 _bHeinemann Educational Books Ltd ,
_c1968.
_aLondon:
300 _a318p
650 _aSpeeches
942 _cBK
_2ddc
_h823.912
_iORW/N
_k823.912
_mORW/N